00438nam a2200169Ia 4500003000400000005001700004008004100021020001800062040000700080041000800087082002300095100002800118245005900146260003400205300001500239365001400254OSt20230425161508.0210423s2012 xx 000 0 und d a9788176257961 cAL aeng a820.954 223bRAHG aRAHMAN (Gulrez Roshan). aIndian writings in english: new critical perspectives. aNew DelhibSarup & sonsc2012 axx,280bPB b1100cINR